Formicidæ.

Saved in:
நூற்பட்டியல் விவரங்கள்
தலைமை எழுத்தாளர்: Pergande, Theodore, -1916.
வடிவம்: புத்தகம்
மொழி:English
வெளியீடப்பட்டது: Washington, D. C., The Academy, 1900.
தொகுதி:Papers from the Harriman Alaska expedition. XVII. Entomologica l results. 11
பகுதிகள்:
குறியீடுகள்: குறிச்சொல் இணை
குறியீடுகள் இல்லை, இந்த குறிச்சொல்லை முதலில் பதிவு செய்யுங்கள்!
LEADER 00772nam a2200241I 4500
001 005309614-2
005 20020606095253.2
008 751208s1900 wau 000 0 eng
010 |a  06014685  
035 0 |a ocm01879598 
040 |a DLC  |c FQG  |d HMZ 
050 0 |a QL508.  |b F7P4 
082 |a Q11.W3 
100 1 |a Pergande, Theodore,  |d -1916. 
245 0 0 |a Formicidæ.  |c By Theo. Pergande. 
260 |a Washington, D. C.,  |b The Academy,  |c 1900. 
300 |a cover-title. p. 519-521  |c 26 cm. 
490 0 |a Papers from the Harriman Alaska expedition. XVII. Entomologica l results. 11 
500 |a At head of title: Proceedings of the Washington academy of sciences. vol. II, p. 519-521... 
650 0 |a Ants. 
650 0 |a Hymenoptera  |z Alaska. 
988 |a 20020608 
906 |0 DLC